000 00627nam a2200229 i 4500
001 93291
003 ES-MaACL
005 20250730063115.0
007 t|
008 050511s2005 sp ||||1| spa d
020 _a84-96049-65-5
080 _a821.134.2-84"19"
100 0 _aOry, Carlos Edmundo de,
_d1923-2010
_987706
245 1 4 _aLos aerolitos /
_cCarlos Edmundo de Ory.
250 _a1ª ed.
260 _aMadrid :
_bCalambur,
_c2005.
300 _a189 p. ;
_c22 cm.
490 1 _aPoesía ;
_v51
830 0 _aPoesía ;
_v51
_9177794
852 _aES-MaACL
_jL-29080
_bR.135497
999 _c93291
_d93291